| 000 | 00000nam##2200000za#4500 |
| 001 | 9.681724 |
| 003 | CaOODSP |
| 005 | 20210615132506 |
| 007 | ta |
| 008 | 150407|2002||||xxc||||| f|0| 0 fre|d |
| 020 | |a0-662-86638-X |
| 040 | |aCaOODSP|bfre |
| 043 | |an-cn--- |
| 086 | 1 |aH68-53/2002F |
| 110 | 1 |aCanada.|bConseil national du bien-être social. |
| 245 | 13|aLe coût de la pauvreté |
| 260 | |aOttawa - Ontario : |bConseil national du bien-être social |c2001. |
| 300 | |a24p. : |bréférences ; |c28 cm. |
| 500 | |a«Il n'est pas question dans les pages qui suivent des personnes qui vivent dans la pauvreté à un moment ou à un autre. Ce document remet plutôt en question nos présomptions au sujet de la pauvreté elle-même-et de ceux qui en sont victimes-de manière à ce que nous puissions trouver des moyens durables et plus novateurs de la prévenir.»--Introduction |
| 563 | |aCouverture souple |
| 590 | |a02-07|b2002-02-15 |
| 691 | 07|aPauvreté|2gcpds |
| 691 | 07|aCoût|2gcpds |
| 691 | 07|aFaible revenu|2gcpds |
| 691 | 07|aQuestions économiques|2gcpds |
| 691 | 07|aSécurité du revenu|2gcpds |
| 691 | 07|aBien-être social|2gcpds |
| 775 | 08|tThe cost of poverty |w(CaOODSP)9.648439 |
| 776 | 0#|tLe coût de la pauvreté |w(CaOODSP)9.639213 |
| 986 | |aVolume n° 115, Rapport du Conseil national du bien-être social |